00559nam a2200181Ia 450000500170000000800410001702000150005808200130007310000150008624500900010126000280019130000130021965000150023265000140024794200060026195200950026799900150036220240605023649.0240331s9999 xx 000 0 und d a0415117569 bMCLa370 aMcLaren, P 0aCritical pedagogy and predatory culture :boppositional politics in a post modern era aLondonbRoutledgec1995 axiii,294 aEducation  aSociology cL 001040708LaWERCLbWERCLcSSCd2024-03-31l0o 370 MCLp3972r2024-03-31w2024-03-31yL c2945d2945